| 000 | 01090nam a22003371 4500 | ||
|---|---|---|---|
| 001 | 143771 | ||
| 003 | SpMaBN | ||
| 005 | 20250804054033.0 | ||
| 008 | 981210s1970 sp spa | ||
| 016 | 7 |
_abimoBNE20000214388 _zIND9800834543 _2SpMaBN |
|
| 017 |
_aB 18967-1970 _bOficina Depósito Legal Barcelona |
||
| 035 | _a(OCoLC)432730975 | ||
| 040 |
_aSpMaBN _bspa _cCDM _dES-MaACL |
||
| 080 | _a248.1 | ||
| 080 | _a261.6 | ||
| 100 |
_aSheen, Fulton J. _d1895-1979 _0XX820391 _9227301 |
||
| 245 | 1 | 0 |
_aVestigios humanos en la selva / _c[traducción del inglés por Agustín Puig] |
| 250 | _a1ª ed. | ||
| 260 |
_aBarcelona : _bPlaneta, _c[1970] |
||
| 300 |
_a335 p., 2 h. ; _c21 cm |
||
| 490 | 0 | _aColección Razón y Fé | |
| 650 | 7 |
_aVida cristiana _2embne _917790 |
|
| 650 | 7 |
_aCristianismo y civilización _2embne _911433 |
|
| 700 | 0 |
_aPuig, Agustín _994220 |
|
| 830 |
_aRazón y fe _9187282 |
||
| 852 |
_aES-MaACL _bR.73797 _cDEPO2 _jC-49543 _9148963 |
||
| 942 |
_2udc _cMONOGRAFIA |
||
| 999 |
_c143771 _d143771 |
||